|
|
|
|
| LEADER |
01492nam a2200421 a 4500 |
| 001 |
EBC514333 |
| 003 |
MiAaPQ |
| 005 |
20200520144314.0 |
| 006 |
m o d | |
| 007 |
cr cn||||||||| |
| 008 |
081002s2009 njua s 001 0 eng |
| 010 |
|
|
|z 2008042575
|
| 015 |
|
|
|a GBA917406
|2 bnb
|
| 016 |
7 |
|
|z 014909093
|2 Uk
|
| 020 |
|
|
|z 9780470443958 (cloth)
|
| 020 |
|
|
|z 0470443952 (cloth)
|
| 035 |
|
|
|a (MiAaPQ)EBC514333
|
| 035 |
|
|
|a (Au-PeEL)EBL514333
|
| 035 |
|
|
|a (CaPaEBR)ebr10381140
|
| 035 |
|
|
|a (CaONFJC)MIL268965
|
| 035 |
|
|
|a (OCoLC)609862571
|
| 040 |
|
|
|a MiAaPQ
|c MiAaPQ
|d MiAaPQ
|
| 050 |
|
4 |
|a HG4638
|b .B76 2009
|
| 082 |
0 |
4 |
|a 332.63/2042
|2 22
|
| 100 |
1 |
|
|a Brooks, Al,
|d 1952-
|
| 245 |
1 |
0 |
|a Reading price charts bar by bar
|h [electronic resource] :
|b the technical analysis of price action for the serious trader /
|c Al Brooks.
|
| 260 |
|
|
|a Hoboken, N.J. :
|b Wiley,
|c c2009.
|
| 300 |
|
|
|a xxv, 402 p. :
|b ill.
|
| 490 |
1 |
|
|a Wiley trading
|
| 500 |
|
|
|a Includes index.
|
| 533 |
|
|
|a Electronic reproduction. Ann Arbor, MI : ProQuest, 2015. Available via World Wide Web. Access may be limited to ProQuest affiliated libraries.
|
| 650 |
|
0 |
|a Stocks
|x Prices
|v Charts, diagrams, etc.
|
| 650 |
|
0 |
|a Financial futures
|v Charts, diagrams, etc.
|
| 650 |
|
0 |
|a Investment analysis.
|
| 655 |
|
4 |
|a Electronic books.
|
| 710 |
2 |
|
|a ProQuest (Firm)
|
| 830 |
|
0 |
|a Wiley trading.
|
| 856 |
4 |
0 |
|u https://ebookcentral.proquest.com/lib/matrademy/detail.action?docID=514333
|z Click to View
|